| 000 | 00819nam a22002777a 4500 | ||
|---|---|---|---|
| 001 | 66 | ||
| 003 | FISKH | ||
| 005 | 20241101154513.0 | ||
| 008 | 230221b cb ||||| |||| 00| 0 eng d | ||
| 040 |
_aFISKH _cFISKH _beng _dFISKH |
||
| 050 | _aM657 | ||
| 082 | _2813.6 | ||
| 100 | _aMills, Liz | ||
| 245 |
_aPicking apples and pumpkins / _cIllustrated by Tom LaPadulu |
||
| 250 | _aFirst printing in 2006 | ||
| 260 |
_aNew York _bScholastic _c2006 |
||
| 300 |
_a16 leaves of plates. _cColor illustrations ; _b23 cm. |
||
| 505 | _aN | ||
| 520 | _aEmily Elizabeth and Clifford go to a farm for a school field trip to gather the harvest. | ||
| 521 | 8 |
_a580L
_bLexile |
|
| 521 | 8 |
_aK _bRaz-Plus |
|
| 650 |
_aFarming _2Pumpkins |
||
| 650 | _aPicking Apples | ||
| 700 |
_aLaPadulu, Tom _dIllustrator |
||
| 942 |
_2ddc _cBK _n0 |
||
| 999 |
_c66 _d66 |
||